000 00929nac a22002777a 4500
001 BR7406661
003 BR-BrBNA
005 20240105113824.0
008 230509b bl.|||m| |||| 00| 0 por d
040 _aBR-BrBNA
_bpor
_cBiblioteca Nacional de Agricultura
072 _aK50; Q10
090 _a8915 BR7406661
110 1 _aNucleo de Assistencia Empresarial do Maranhao, Sao Luis (Brasil). Depto. de Estudos e Projetos
_97670
245 1 _aCadastro industrial do Maranhao; Regiao Programa de Imperatriz [Brasil]
260 3 _aSao Luis, MA (Brasil):
_c1974.
300 _a134 p.
490 _aCaderno de Pesquisas. Cadastro Industrial do Maranhao (Brazil)
_vv. 1(3)
_x
500 _aNumerical data
650 _aALIMENTO
650 _aINDUSTRIA ALIMENTICIA
650 _aINDUSTRIA FLORESTAL
650 _aCADASTRO
650 _aMARANHAO
909 _a202312
_bLúcia Elande
_c55
_dLúcia Elande
942 _2AGRIS
_n0
_cMS
999 _c265768
_d265768